00642nam a2200181Ia 4500008004100000082002000041100001200061245005500073250000800128260003500136300001100171500002400182650001200206942000700218952010900225952010900334999001700443230524s9999 xx 000 0 und d a621.382101bVEN aUdo Lob 0aMode of Operation of The Semiconductor Diode Pi-18 a1ST aNEW DELHIbWiley Easternc2001 aVI;251 aQuantity Number: 2 aPhysics cBK 00104070aTATCLbTATCLcGENd2023-05-24l0o621.382101 VENp6715r2023-05-24w2023-05-24yBKzCPEC5305 00104070aTATCLbTATCLcGENd2023-05-24l0o621.382101 VENp6716r2023-05-24w2023-05-24yBKzCPEC5305 c17054d17054